| 000 | 00427nam a2200181Ia 4500 | ||
|---|---|---|---|
| 008 | 230524s9999 xx 000 0 und d | ||
| 020 | _a9789339220624 | ||
| 082 | _bSAH | ||
| 100 | _aG.S.Sahoo | ||
| 245 | 0 | _aBuilding Material and Construction | |
| 250 | _a2 | ||
| 260 |
_aNew Delhi _bTMH _c2016 |
||
| 300 | _a"XII,555p;" | ||
| 500 | _aQuantity Number: 41 | ||
| 650 | _aCivil | ||
| 700 | _aJoygopal Jena | ||
| 942 | _cBK | ||
| 999 |
_c56669 _d56669 |
||